Statistics for Third Largest City in Each State

Click here to take the quiz!

General Stats

  • This quiz has been taken 61 times
  • The average score is 10 of 12

Answer Stats

HintAnswer% Correct
TexasDallas
93%
AlaskaJuneau
89%
CaliforniaSan Jose
87%
OhioCincinnati
85%
FloridaTampa
85%
New YorkRochester
78%
OregonSalem
78%
ConnecticutHartford
75%
TennesseeKnoxville
73%
AlabamaMobile
73%
ArizonaMesa
69%
WisconsinGreen Bay
67%

Score Distribution

Percentile by Number Answered

Percent of People with Each Score

Your Score History

You have not taken this quiz